000 00304nam a22001337a 4500
008 180309b xxu||||| |||| 00| 0 eng d
020 _a2900132754261
041 _aeng
080 _a336.2
100 _a55
101 _aTAK
245 _aPrentice hall's federal taxation
_cBandy,D.D
942 _2udc
_cBK
999 _c44527
_d44527